| 000 | 01273cab a22002295a 4500 | ||
|---|---|---|---|
| 001 | L154058 | ||
| 008 | 111010e20111007xxk 000 0 eng d | ||
| 035 | _a(Sirsi) u154058 | ||
| 041 | 0 | _aeng | |
| 100 | 1 | _aStewart, Sarah | |
| 245 | 0 | 0 |
_aMarkets _bKent, Surrey and Sussex |
| 260 | _c2011 | ||
| 490 | 0 |
_aProperty Week _v77(40) 7 October 2011, 53-58(5) |
|
| 520 | _aWith Nokia's likely relocation to Heathrow, the M3 office market is buoyed by mobile phone manufacturer's Santander and oil company Total's 150 000sq ft requirement. Reports on how large-scale malls in the region (Bluewater, Guildford's Friary Shopping Centre, and Brighton's Churchill Square) are combating the threat of Westfield Stratford City. Localism agenda could accelerate development at Shoreham airport. Vestas Offshore plans to build a wind turbine factory at the Port of Sheerness. Pfizer and its agent CB Richard Ellis have received bids from local and global pharmaceutical companies for the redundant site at Sandwich, Kent. | ||
| 590 | _aKA | ||
| 651 | 4 | _aKent | |
| 651 | 4 | _aSurrey | |
| 651 | 4 |
_aSussex _y1888- |
|
| 690 | _aPROPERTY-COMMERCIAL PROPERTY-COMMERCIAL PROPERTY MARKET | ||
| 690 | _aPROPERTY-COMMERCIAL PROPERTY-COMMERCIAL PROPERTY FINANCE AND INVESTMENT | ||
| 942 | _n0 | ||
| 999 |
_c83471 _d83471 |
||